000 00688nam a2200217 i 4500
001 115219
003 ES-MaACL
005 20250707062620.0
007 t|
008 070226s1907 sp ||||1| spa d
080 _a821.134.2-32"19"
100 1 _aRamírez Angel, Emiliano.
_995120
245 1 0 _aDe corazón en corazón
_b: novela /
_cpor E. Ramírez-Ángel ; ilustraciones de García-Guijo.
260 _aMadrid :
_bEl Cuento Semanal,
_c1907.
300 _a20 p. :
_bil. ;
_c26 cm.
490 1 _aEl cuento semanal ;
_v22
700 0 _aGarcía-Guijo
_c, ilustrador.
_954737
830 0 3 _aEl cuento semanal
_v22
_9185957
852 _aES-MaACL
_jG-4439(22)
999 _c115219
_d115219